Normal view
MARC view
Entry Personal Name
001 - CONTROL NUMBER
- control field: 71372
003 - CONTROL NUMBER IDENTIFIER
- control field: dpl
005 - DATE AND TIME OF LATEST TRANSACTION
- control field: 20240910113905.0
008 - FIXED-LENGTH DATA ELEMENTS
- fixed length control field: 240910|| aca||aabn | a|a d
040 ## - CATALOGING SOURCE
- Original cataloging agency: dpl
- Transcribing agency: dpl
100 ## - HEADING--PERSONAL NAME
- Personal name: Patel, Mrunal
670 ## - SOURCE DATA FOUND
- Source citation: Work cat.: (dpl)205741: Patel, Mrunal, 29 Previous Years UPSC IAS Prelims;
